Atuais países de nações que não existem mais - Statistics

Estatísticas Gerais
  • Esse quiz foi jogado 391 vezes
  • A pontuação média é 12 de 20
Estatísticas das Respostas
País "antepassado" Período País atual % Correto
União Soviética 1918 -1991 Rússia
99%
Império Sueco 1638 -1721 Suécia
98%
Estados Unidos do Brasil 15 de novembro de 1889-19 de novembro de 1889 Brasil
93%
Império Romano 27 a.C.–395/1453 d.C Itália
93%
Dinastia Qing 1644 -1912 China
89%
Pérsia 550 a. C. -1935 Irã
86%
Império Otomano 1299 -1922 Turquia
84%
Prússia 1525 -1871 Alemanha
80%
Iugoslávia 1918 – 1992/2003 Sérvia
79%
Índias Orientais Neerlandesas 1800 – 1949 Indonésia
59%
Principados Unidos da Valáquia e Moldávia 1859 – 1881 Romênia
54%
Colônia do Cabo 1775 – 1910 África do Sul
52%
Império Bizantino 395 — 1453 Grécia
52%
Sultanato Mameluco 1250 -1517 Egito
44%
Império Khmer (ou Quemer) 802 — 1431 Camboja
29%
Nova Granada 1831 -1858 Colômbia
26%
Império Merínida 1244 — 1465 Marrocos
24%
Reino Haféssida 1229 – 1574 Tunísia
20%
Califado de Sokoto (Socoto) 1804 – 1903 Nigéria
18%
Império Canem 1210 - 1387 (data incerta) Chade
9%
Nenhum quiz correspondente encontrado
Distribuição das Pontuações
Porcentagem de Pessoas com Cada Pontuação
Percentil de Números Respondidos
Sua Pontuação Histórica
Você não jogou esse quiz